|
|
|
|
| LEADER |
01681nam a2200337 a 4500 |
| 001 |
408 |
| 003 |
BD-DhAAL |
| 005 |
20241008144353.0 |
| 008 |
150224s1996 nyua b 001 0 eng |
| 010 |
|
|
|a 95081664
|
| 020 |
|
|
|a 007034258X
|
| 040 |
|
|
|a DLC
|c DLC
|d DLC
|d BD-DhAAL
|
| 050 |
0 |
0 |
|a HN90.S6
|b K47 1996
|
| 082 |
0 |
0 |
|a 305.5/0973
|2 20
|
| 100 |
1 |
|
|a Kerbo, Harold R.
|9 8731
|
| 245 |
1 |
0 |
|a Social stratification and inequality :
|b class conflict in historical and comparative perspective /
|c Harold R. Kerbo.
|
| 250 |
|
|
|a Third edition.
|
| 260 |
|
|
|a New York :
|b McGraw-Hill,
|c c1996.
|
| 300 |
|
|
|a xviii, 573 p. :
|b ill. ;
|c 25 cm.
|
| 504 |
|
|
|a Includes bibliographical references (p. 511-560) and indexes.
|
| 541 |
|
|
|a Donation from the Asia Foundation/ Savar Campus
|e 408, 43515
|
| 650 |
|
0 |
|a Social classes
|z United States.
|9 8005
|
| 650 |
|
0 |
|a Social conflict
|z United States.
|9 8732
|
| 650 |
|
0 |
|a Equality
|z united States.
|9 8733
|
| 650 |
|
0 |
|a Social mobility
|z United States.
|9 8734
|
| 852 |
|
|
|a Ayesha Abed Library
|c General Stacks
|
| 942 |
|
|
|2 ddc
|c BK
|
| 999 |
|
|
|c 33778
|d 33778
|
| 952 |
|
|
|0 0
|1 0
|2 ddc
|4 0
|6 305_509730000000000_KER
|7 0
|9 52750
|a SCL
|b SCL
|c GEN
|d 2015-02-24
|e Gift: The Asia Foundation
|l 1
|m 1
|o 305.50973 KER
|p 3020000408
|r 2024-09-24
|s 2024-09-11
|t 1
|w 2015-02-24
|y BK
|
| 952 |
|
|
|0 0
|1 0
|2 ddc
|4 0
|6 305_509730000000000_KER
|7 0
|9 52756
|a SCL
|b SCL
|c GEN
|d 2015-02-24
|e Gift: The Asia Foundation
|l 0
|o 305.50973 KER
|p 3020003927
|r 2015-02-24
|t 2
|w 2015-02-24
|y BK
|
| 952 |
|
|
|0 0
|1 0
|2 ddc
|4 0
|6 305_509730000000000_KER
|7 0
|9 76678
|a SCL
|b SCL
|c GEN
|d 2024-10-08
|e Donation from the Asia Foundation/ Savar Campus
|l 0
|o 305.50973 KER
|p 3020043515
|r 2024-10-08
|t 3
|w 2024-10-08
|y BK
|x Price not available in register.
|